Statystyki dla Rozpoznaj miasto po herbie

Kliknij tutaj aby rozwiązać quiz!

Ogólne statystyki

  • Ten quiz został rozwiązany 179 razy
  • Średni wynik to 10 z 15

Statystyki odpowiedzi

Odpowiedź% Poprawnych
Warszawa
100%
Łódź
96%
Wrocław
85%
Kraków
83%
Katowice
77%
Gdańsk
75%
Poznań
69%
Szczecin
68%
Lublin
58%
Gdynia
57%
Białystok
53%
Bydgoszcz
50%
Radom
47%
Sosnowiec
31%
Częstochowa
23%

Rozkład punktacji

Percentyl według liczby udzielonych odpowiedzi

Procent ludzi z każdym wynikiem

Twoja historia wyników

Nie rozwiązałeś tego quizu